000 00616nam a22002177a 4500
003 UA-OsUOA
001 63399
007 ta
008 20091005b un ||||| |||| 00| 0 ukr d
100 _aКуценко О.
090 _a82
_bК95
942 _cSA
040 _aUA-OsUOA
_bukr
_cUA-OsUOA
_dUA-OsUOA
245 _a"Жили, немов співали..." Підвальне інтерв'ю з Юрієм Андруховичем
300 _aС.8
955 _a0
041 _aukr
080 _a82
773 0 _w63398
650 7 _a82 Література. Літературознавство
_2UDC
999 _c349476
_d349476